000 00431nam a2200181Ia 4500
005 20240823061456.0
008 240823s9999||||xx |||||||||||||| ||und||
041 _aENGLISH
082 _A004.16 N5
100 _aSubhash Mehta
245 0 _aPC Made Simple
250 _a2nd
260 _c1995
_b"Galgotia,New Delhi"
500 _aTRANSFERED
650 _aPersonal Computer
_bComputer Science
942 _cBK
999 _c233622
_d233622